Návrh riešenia na zefektívnenie manipulácie s materiálom v supermarkete lisovne plechov a práškovacej linky spoločnosti PROTHERM PRODUCTION s.r.o.

Saved in:
Bibliographic Details
Main Author: Michalcová, Andrea (Author)
Other Authors: Makyšová, Helena (Thesis advisor)
Format: Manuscript Book
Language:Slovak
Published: 2018
Subjects:
Online Access:http://is.stuba.sk/zp/portal_zp.pl?podrobnosti=138493
Tags: Add Tag
No Tags, Be the first to tag this record!

MARC

LEADER 00000ntm a22000003a 4500
001 stuzp69553
003 SK-STU
005 20180820161605.1
007 ta
008 150427s2015----xo-----f-mn---000-0-slo-d
040 |a STU  |b slo 
041 0 |a slo 
100 1 |a Michalcová, Andrea  |u 064000  |4 aut  |U MTF Materiálovotechnologická fakulta  |T MTF Ústav priemyselného inžinierstva a manažmentu  |X 71878  |U M4000  |Y 84  |7 71878 
242 0 1 |a Proposal of a solution to improve the handling of material in the supermarket of the sheet metal mill and the powdering line of PROTHERM PRODUCTION s.r.o.  |y eng 
245 1 0 |a Návrh riešenia na zefektívnenie manipulácie s materiálom v supermarkete lisovne plechov a práškovacej linky spoločnosti PROTHERM PRODUCTION s.r.o. 
260 |c 2018 
650 4 |a manipulácia s materiálom  |2 slo 
650 4 |a Industry 4.0.  |2 slo 
650 4 |a skladové hospodárstvo  |2 slo 
650 4 |a Industry 4.0.  |2 eng 
650 4 |a warehousing  |2 eng 
650 4 |a handling of the material  |2 eng 
700 1 |a Makyšová, Helena  |u 064000  |k Z1  |4 ths  |U MTF Materiálovotechnologická fakulta  |T MTF Ústav priemyselného inžinierstva a manažmentu  |X 2772  |U M4000  |Y 84  |7 A000002772 
856 4 |u http://is.stuba.sk/zp/portal_zp.pl?podrobnosti=138493 
996 |c M* DP-13757  |l MMSKP  |s P  |a 0  |w stuzp69553_0001